PAEDIATRIC COCHLEAR IMPLANTATION EVALUATING OUTCOMES (Record no. 28457)

MARC details
000 -LEADER
fixed length control field 00414nam a22001697a 4500
003 - CONTROL NUMBER IDENTIFIER
control field SGT
020 ## - INTERNATIONAL STANDARD BOOK NUMBER
International Standard Book Number 9781861563668
082 ## - DEWEY DECIMAL CLASSIFICATION NUMBER
Classification number 618.92
Item number P05T
100 ## - MAIN ENTRY--PERSONAL NAME
Personal name THOUTENHOOFD, ED.
245 ## - TITLE STATEMENT
Title PAEDIATRIC COCHLEAR IMPLANTATION EVALUATING OUTCOMES
250 ## - EDITION STATEMENT
Edition statement 1ST
260 ## - PUBLICATION, DISTRIBUTION, ETC. (IMPRINT)
Place of publication, distribution, etc LONDON
Name of publisher, distributor, etc WHURR PUB
Year of Publication 2005
300 ## - PAGE DESCRIPTION
No. of Pages 292
650 ## - SUBJECT ADDED ENTRY--TOPICAL TERM
Topical term or geographic name as entry element AUDIOLOGY , PEDIATRICS
653 ## - KEYWORDS--INDEX TERM
Keyword term OUTCOME MEASURES
942 ## - ADDED ENTRY ELEMENTS (KOHA)
Source of classification or shelving scheme Dewey Decimal Classification
Koha item type Books
Holdings
Withdrawn status Lost status Source of classification or shelving scheme Damaged status Not for loan Collection code Home library Current library Shelving location Date acquired Vendor Name Cost, normal purchase price SGTU Bill Number Total Checkouts Full call number Accession No. (Barcode) Date last seen Bill Date Koha item type
    Dewey Decimal Classification   Not For Loan MEDICAL SGT Medical Library SGT Medical Library Reference Book 07/11/2024 ADWELL BOOK COMPANY 7304.00 SGTU 24-25/00055   618.92 P05T FM14576 25/12/2024 07/11/2024 Books